| 000 | 01065nam a22002537a 4500 | ||
|---|---|---|---|
| 008 | 081126t xxu||||| |||| 00| 0 eng d | ||
| 010 | _aENG-91858 | ||
| 020 |
_a9788183332767 _c99.00 |
||
| 020 |
_a8183332765 _c99.00 |
||
| 035 | _aEN-75391 | ||
| 037 | _bDBAD / PUB | ||
| 040 |
_adpl _bEnglish |
||
| 082 | _a658.4040285 | ||
| 100 | _aHarris, Paul E. | ||
| 245 |
_a99 Tricks and traps for Microsoft office project including Microsoft project 2000 to 2007 / _cby Paul E. Harris |
||
| 246 | _aNinety nine Tricks and traps for Microsoft office project including Microsoft project 2000 to 2007 / | ||
| 260 |
_aNew Delhi _bBPB Publications _c2008 |
||
| 270 |
_aB-14, Connaught Place _bNew Delhi _e110001 |
||
| 300 |
_aviii, 100p. _c23cm (pbk) |
||
| 650 | _aMicrosoft Project. | ||
| 650 |
_aProject management _xComputer programs. |
||
| 942 |
_2ddc _cEN _mHAR _h6584040285 |
||
| 999 |
_c19182 _d19182 |
||